00431nam a22001577a 450000500170000001000150001702000220003203500130005403700130006708200140008010000170009424500360011126000500014727000530019730000230025020100819134729.0 aENG-100994 a8185867816c40.00 aEN-84527 bDBAD/PUB a553.20954 aPareek, H S  aCoal in India /cby H S Pareek  aBangalorebGeological Society of India c2008 aP. B. NO 1922 Gavipuram P O bBangalore e560019 aiii,65pc21cm(pbk)